The Land of Stories Kingdoms and Territories - Statistics

General Stats
  • This quiz has been taken 99 times
  • The average score is 8 of 10
Answer Stats
Answer % Correct
7. The Eastern Kingdom
88%
4. The Charming Kingdom
87%
6. The Northern Kingdom
85%
8. The Troll and Goblin Territory
82%
3. The Corner Kingdom
74%
9. The Fairy Kingdom
74%
5. The Red Riding Hood Kingdom
74%
2. The Dwarf Forests
72%
1. The Elf Empire
69%
10. Mermaid Bay
56%
No matching quizzes found
Score Distribution
Percent of People with Each Score
Percentile by Number Answered
Your Score History
You have not taken this quiz